A fresh look at the workplace - case sudy: EMCORE Facilities Services and GlaxoSmithKline (Record no. 73191)
[ view plain ]
| 000 -LEADER | |
|---|---|
| fixed length control field | 00864cam a2200193 4500 |
| 001 - CONTROL NUMBER | |
| control field | ABS66897 |
| 008 - FIXED-LENGTH DATA ELEMENTS--GENERAL INFORMATION | |
| fixed length control field | 030808n2003 000 0 eng u |
| 035 ## - SYSTEM CONTROL NUMBER | |
| System control number | (Sirsi) u123239 |
| 100 ## - MAIN ENTRY--PERSONAL NAME | |
| Personal name | Booty, F. |
| 245 #2 - TITLE STATEMENT | |
| Title | A fresh look at the workplace - case sudy: EMCORE Facilities Services and GlaxoSmithKline |
| 260 ## - PUBLICATION, DISTRIBUTION, ETC. | |
| Date of publication, distribution, etc. | 2003 |
| 490 ## - SERIES STATEMENT | |
| Series statement | RICS Facilities Management Faculty Feature |
| Volume/sequential designation | 8 August 2003 (4) |
| 520 ## - SUMMARY, ETC. | |
| Summary, etc. | Uses the relationship between GlaxoSmithKline and EMCOR Facilities Services to illustrate the FUSION contract model. FUSION stands for fairness, unity, seemless, initiative, openness and no blame. Considers problems and achivements to date, as well as the companies' views on the way forward. |
| 590 ## - LOCAL NOTE (RLIN) | |
| Local note | ABS |
| 650 ## - SUBJECT ADDED ENTRY--TOPICAL TERM | |
| Topical term or geographic name entry element | FACILITIES MANAGEMENT CONTRACTS |
| 650 ## - SUBJECT ADDED ENTRY--TOPICAL TERM | |
| Topical term or geographic name entry element | OUTSOURCING |
| 690 ## - LOCAL SUBJECT ADDED ENTRY--TOPICAL TERM (OCLC, RLIN) | |
| Topical term or geographic name as entry element | MANAGEMENT-FACILITIES MANAGEMENT |
| 942 ## - ADDED ENTRY ELEMENTS (KOHA) | |
| Suppress in OPAC | 0 |
| Withdrawn status | Lost status | Source of classification or shelving scheme | Damaged status | Not for loan | Home library | Current library | Shelving location | Date acquired | Total Checkouts | Full call number | Barcode | Date last seen | Copy number | Price effective from | Koha item type |
|---|---|---|---|---|---|---|---|---|---|---|---|---|---|---|---|
| Dewey Decimal Classification | London | London | Journal article | 08/08/2003 | ABS66897 | 123239-1001 | 06/08/2019 | 1 | 06/08/2019 | Journal article |